daily quiz #1 - Statistics

General Stats
  • This quiz has been taken 227 times
  • The average score is 4 of 10
Answer Stats
Hint Answer % Correct
whats 8 x 8? 64
89%
what is the combination of a spoon and fork? spork
84%
what is the 2nd largest country in the world? Canada
80%
who sings the song counting stars? one republic
49%
what year did Star Wars: a new hope come out in? 1977
35%
what is the main characters name in mission impossible? Ethan Hunt
24%
what superhero group is Sue Storm a part of? x men
22%
what is the most viewed youtube video? despacito
20%
fill in the blank: its Wednesday my dudes __________ aaaaaaaa
4%
what do ewoks say in Star Wars? yub nub
2%
No matching quizzes found
Score Distribution
Percent of People with Each Score
Percentile by Number Answered
Your Score History
You have not taken this quiz